| 000 | 00865aaa a2200253 4500 | ||
|---|---|---|---|
| 003 | OSt | ||
| 005 | 20220825090042.0 | ||
| 008 | 220419s2005mx |||a|||f |||| 00| 0 spa d | ||
| 020 | _a9702605504 | ||
| 040 | _cCHAP | ||
| 082 |
_222 _a658.001 _bG34 2005 |
||
| 100 |
_9185150 _aGeorge, Claude S. |
||
| 245 |
_aHistoria del pensamiento administrativo / _cClaude S. George y Ma. de Lourdes Álvarez Medina |
||
| 250 | _aSegunda edición. | ||
| 264 |
_aMéxico : _bPearson Educación México, _c2005. |
||
| 300 |
_a313 páginas : _bcuadros, figuras. |
||
| 336 |
_atexto _btxt _2rdacontenido |
||
| 337 |
_asin medio _bn _2rdamedia |
||
| 338 |
_avolumen _bnc _2rdacarrier |
||
| 534 |
_pTitulo original : _tThe History of Management. _c1974. |
||
| 650 | 0 |
_9152587 _aAdministración _xHistoria |
|
| 700 | 1 |
_9124594 _aAlvarez Medina, María de Lourdes |
|
| 942 |
_2ddc _cLIBRO |
||
| 999 |
_c209219 _d209219 |
||